Регионална библиотека "Любен Каравелов" - Русе

Операция "Хаос" (Запис номер 109513)

MARC детайли
000 -Лидер
Контролно поле с фиксирана дължина 01626nam a2200385 c 4500
003 - Код на организацията, давaща контролен номер
Контролно поле BLK
005 - Дата и час на последна редакция
Контролно поле 20240205100546.0
008 - Елементи от данни с фиксирана дължина
fixed length control field 180409b bul|||||r ||||||| ||bul||
010 ## - Наследен системен номер
LC control number KNG00114830000
020 ## - Международен стандартен номер на книга ISBN
Международен стандартен номер на книга ISBN 954-444-003-8
-- издат.: Орфия
020 ## - Международен стандартен номер на книга ISBN
Международен стандартен номер на книга ISBN 954-444004-6
-- издат.: Орфия - на том(т. 2)
040 ## - Източник на каталожния запис
Идентификатор на билиотеката - собственик на записа BLK
041 ## - Код за език
Код за езика на текст/звукозапис или на отделно заглавие Български
Код за езика КДБФ Български
080 ## - УДК
Текстов определител УДК Американска литература (на САЩ)
УДК код - определител по УДК 821.111(73)
УДК определител -312.9
УДК - код + определител 821.111(73)-312.9
100 1# - Редна дума - Автор
Автор Андерсън, Пол
Авторска отговорност първи автор
R(LIN) 265054
139 ## - Редно поле
Редна дума Андерсън, Пол
Авторски знак Анд - А 65
245 10 - Сведения за заглавието
Заглавие Операция "Хаос"
Подзаглавни данни Фантаст. роман : Кн. 1 - 2
Редно поле (дума) Пол Андерсън; прев. от англ. Весела Петрова; предг. от Росица Панайотова.
Том Кн. 2
257 ## - Страна на издаване
Страна на създаване/издаване Съединени американски щати
260 ## - Област на издателските данни
-- София
Име на издателя, разпространителя и проч. Орфия
Година на издаване 1991 -
300 ## - Физическа характеристика
Размери/Мащаб 16 см
380 ## - Жанр
Жанр Худож. лит.
490 1# - СЕРИИ (Колекции)
Име на серия Фантастика
№: серия 004
500 ## - Общи забележки
Забележка Ориг. загл. Operation Chaos / Poul Anderson.
653 ## - Ключова дума – ненормативна
Ключова дума фантастика
653 ## - Ключова дума – ненормативна
Ключова дума романи
700 1# - Други автори (авторска отговорност)
Лично име Петрова, Весела
Автороска отговорност (Описва отношението между автора и произведението) прев. от англ.
9 (RLIN) 363689
700 ## - Други автори (авторска отговорност)
Лично име Панайотова, Росица Христова
Дати, свързани с автора 1957-
9 (RLIN) 371242
760 1# - Описание на основната серия
-- - на том(т. 2)
Редна дума на основното описание Андерсън, Пол
Място на издаване, издател и година Орфия, 1991
Страници - том 176 с.
Заглавие Кн. 2
852 ## - Местоположение
Форматна сигнатура Цб І 25266
856 4# - Електронен адрес и достъп
Електронен формат pdf - файл
Път до файла /url/
856 4# - Електронен адрес и достъп
Електронен формат pdf - файл
Път до файла /url/
942 ## - АРТИКУЛИ
Вид на библиотечния материал Книги
Скрит в OPAC Не
944 ## - СЪЗДАВАНЕ И РЕДАКЦИЯ на ЗАПИСА
Създаване/Редакция Създаване
Дата на регистрацията/редакция 30.08.2004
Служител, извършил регистрацията/редакцията 30556
Статус, дата на статуса Теодора Пейчева-Дянкова
944 ## - СЪЗДАВАНЕ И РЕДАКЦИЯ на ЗАПИСА
Създаване/Редакция Редакция
Дата на регистрацията/редакция 20.09.2017
Служител, извършил регистрацията/редакцията Севдалина_Василева
999 ## - СИСТЕМНИ КОНТРОЛНИ НОМЕРА
Koha biblionumber 109513
Koha biblioitemnumber 109513
Наличности
Код за отписване Код за изгубен артикул Източник на класификационната схема Код за повреда Коз за рестрикции Код за отдаване Артикулен № Име на библиотеката - собственик Име на библиотеката, в която се намира в момента Статус (Текущо местоположение) Дата на вписване в системата Местоположение - отдел Цена в лева Инвентарен номер Систематично азбучна сигнатура Баркод Номер на екземпляра Цена в евро Служебна бележка Служебен тип на артикула Бележка за публиката
Изтеглен Не е изгубен Universal Decimal Classification Не е повреден без рестрикции ползва се в читалня 176395 Регионална библиотека "Любен Каравелов" Русе Регионална библиотека "Любен Каравелов" Русе Хранилище 1991-01-01 Хранилище 7.50 563312 Цб І 25266 563312 1 3.83 Дост: Dp Вид: Д N: стар фонд Дата: 01.01.1991 Книги  
Изтеглен Не е изгубен Universal Decimal Classification Не е повреден без рестрикции заемане за дома 176396 Регионална библиотека "Любен Каравелов" Русе Регионална библиотека "Любен Каравелов" Русе Заемна - подръчен фонд 1991-01-01 Заемна - подръчен фонд 7.50 561606 П 820(73)-31/А 65 561606 2 3.83 Дост: Pk Вид: Ф N: стар фонд Дата: 01.01.1991 Книги  
Изтеглен Не е изгубен Universal Decimal Classification Не е повреден без рестрикции заемане за дома 176397 Регионална библиотека "Любен Каравелов" Русе Регионална библиотека "Любен Каравелов" Русе Заемна - подръчен фонд 1991-01-01 Заемна - подръчен фонд 7.50 573794 П 820(73)-31/А 65 573794 3 3.83 Дост: Pk Вид: Ф N: стар фонд Дата: 01.01.1991 Книги  
Изтеглен Не е изгубен Universal Decimal Classification Не е повреден без рестрикции заемане за дома 176398 Регионална библиотека "Любен Каравелов" Русе Регионална библиотека "Любен Каравелов" Русе Заемна - подръчен фонд 1991-01-01 Заемна - подръчен фонд 7.50 573795 П 820(73)-31/А 65 573795 4 3.83 Дост: Pk Вид: Ф N: стар фонд Дата: 01.01.1991 Книги  
Изтеглен Не е изгубен   Не е повреден без рестрикции заемане за дома 176399 Регионална библиотека "Любен Каравелов" Русе Регионална библиотека "Любен Каравелов" Русе   1991-01-01 Детски отдел 7.50 561609 ДХ 820/899/А 65 561609 5 3.83 Дост: Pk Вид: Ф N: стар фонд Дата: 01.01.1991 Дата инв: 07.09.2015 Бележки инв: Д2015 Книги Отч.N: 33/2017 , Дата: 04.09.2017
Изтеглен Не е изгубен   Не е повреден без рестрикции заемане за дома 176400 Регионална библиотека "Любен Каравелов" Русе Регионална библиотека "Любен Каравелов" Русе   1991-01-01 Детски отдел 0.53 572777 ДХ 820/899/А 65 572777 6 0.27 Дост: Pk Вид: Ф N: стар фонд Дата: 01.01.1991 Дата инв: 07.09.2015 Бележки инв: Д2015 Книги Отч.N: 37/17 , Дата: 06.09.2017
  Не е изгубен Universal Decimal Classification Не е повреден само за читалня ползва се в читалня 796183 Регионална библиотека "Любен Каравелов" Русе Регионална библиотека "Любен Каравелов" Русе Хранилище 2020-09-01 Хранилище 5.50 563312 Цб І 25266 120000563312   2.81   Книги  
Vip Innovations Ltd, Rousse, Bulgaria 2025